| 000 | 00447nam a2200133Ia 4500 | ||
|---|---|---|---|
| 008 | 211119s9999||||xx |||||||||||||| ||und|| | ||
| 082 |
_a658.47 _bFLE-I |
||
| 100 | _aFleming, Carol A | ||
| 245 | 0 | _aIts the Way You Say It:Becoming Articulate, Well-Spoken and Clear | |
| 260 |
_bHarpercollins _aNoida _c2013 |
||
| 300 | _axix+239p | ||
| 650 |
_aTechnology _v Management & auxiliary services General managementManagement _xMBA LIBRARY |
||
| 942 | _cBOOK | ||
| 999 |
_c119350 _d119350 |
||